Российское здравоохранение: проблемы управления и эффективность Монография
Монография посвящена одной из наиболее актуальных для современной России социально-экономических проблем - развитию и реформированию здравоохранения. Её авторы опираясь на комплекс данных официальной и ведомственной статистики и широкую социологическую базу анализируют аспекты деятельности системы з...
Enregistré dans:
| Auteur principal: | |
|---|---|
| Format: | Монография |
| Accès en ligne: | https://znanium.com/catalog/document?id=339276 https://znanium.com/cover/1019/1019469.jpg |
| Tags: |
Ajouter un tag
Pas de tags, Soyez le premier à ajouter un tag!
|
| LEADER | 03058nam0a2200325 i 4500 | ||
|---|---|---|---|
| 001 | RU\infra-m\znanium\bibl\1019469 | ||
| 003 | https://znanium.com/catalog/document?id=339276 | ||
| 005 | 20190822000000.0 | ||
| 010 | |a 978-5-93299-381-1 | ||
| 100 | |a 20190822d2019 m y0rusy0150 ca | ||
| 101 | 0 | |a rus | |
| 102 | |a RU | ||
| 200 | 1 | |a Российское здравоохранение: проблемы управления и эффективность |e Монография |f Вологодский научный центр Российской академии наук | |
| 210 | 1 | |a Вологда |c ФЕДЕРАЛЬНОЕ ГОСУДАРСТВЕННОЕ БЮДЖЕТНОЕ УЧРЕЖДЕНИЕ НАУКИ«ВОЛОГОДСКИЙ НАУЧНЫЙ ЦЕНТР РОССИЙСКОЙ АКАДЕМИИ НАУК» |d 2017 | |
| 215 | |a 244 с. | ||
| 330 | |a Монография посвящена одной из наиболее актуальных для современной России социально-экономических проблем - развитию и реформированию здравоохранения. Её авторы опираясь на комплекс данных официальной и ведомственной статистики и широкую социологическую базу анализируют аспекты деятельности системы здравоохранения с позиций эффективности и результативности государственного управления и обеспечения качества и доступности медицинской помощи для населения. Рассчитанная на широкий круг читателей книга предназначена как экспертам специально занимающимся вопросами управления в социальной сфере и здравоохранении так и студентам - будущим специалистам в этой области. | ||
| 333 | |a ВО - Магистратура | ||
| 606 | |a Медицина. Фармакология |x Экономика медицины и здравоохранения |2 local | ||
| 608 | |a Монография |2 local | ||
| 675 | |a 614 |z rus | ||
| 686 | |a 51 |2 rubbk | ||
| 686 | |a 32.04.01 |2 okso | ||
| 686 | |a 38.03.01 |2 okso | ||
| 686 | |a 38.03.04 |2 okso | ||
| 686 | |a 38.04.01 |2 okso | ||
| 686 | |a 38.04.04 |2 okso | ||
| 700 | 1 | |a Шабунова |b А.А. |g Александра Анатольевна |p Вологодский научный центр Российской академии наук | |
| 801 | 0 | |a RU |b Общество с ограниченной ответственностью «ЗНАНИУМ» |c 20190215 |2 rusmarc | |
| 856 | 4 | |a znanium.com |m ebs_support@infra-m.ru |n НИЦ ИНФРА-М |u https://znanium.com/catalog/document?id=339276 | |
| 856 | 4 | 1 | |a znanium.com |d /cover/1019 |f 1019469.jpg |q image/jpeg |u https://znanium.com/cover/1019/1019469.jpg |